Cuentas del Estado español (Record no. 104584)
[ view plain ]
| 000 -LEADER | |
|---|---|
| campo de control de longitud fija | 01144nam a2200217 i 4500 |
| 001 - NÚMERO DE CONTROL | |
| campo de control | 104584 |
| 003 - IDENTIFICADOR DE NÚMERO DE CONTROL | |
| campo de control | ES-MaACL |
| 005 - FECHA Y HORA DE LA ÚLTIMA TRANSACCIÓN | |
| campo de control | 20230906183636.0 |
| 007 - CAMPO FIJO DE DESCRIPCIÓN FÍSICA--INFORMACIÓN GENERAL | |
| campo de control de longitud fija | t| |
| 008 - DATOS DE LONGITUD FIJA--INFORMACIÓN GENERAL | |
| campo de control de longitud fija | 051202m19751979sp ||||1| spa d |
| 110 2# - ENTRADA PRINCIPAL--NOMBRE DE ENTIDAD CORPORATIVA | |
| Nombre de entidad corporativa o nombre de jurisdicción como elemento de entrada | España. |
| Unidad subordinada | Ministerio de Hacienda. |
| 9 (RLIN) | 3874 |
| 245 10 - MENCIÓN DEL TÍTULO | |
| Título | Cuentas del Estado español |
| Resto del título | : 1850 a 1924 / |
| Mención de responsabilidad, etc. | Ministerio de Hacienda. |
| 260 ## - PUBLICACIÓN, DISTRIBUCIÓN, ETC. | |
| Lugar de publicación, distribución, etc. | Madrid : |
| Nombre del editor, distribuidor, etc. | Instituto de Estudios Fiscales, |
| Fecha de publicación, distribución, etc. | 1975-79. |
| 300 ## - DESCRIPCIÓN FÍSICA | |
| Extensión | 3 v. ; |
| Dimensiones | 30 cm. |
| 505 8# - NOTA DE CONTENIDO CON FORMATO | |
| Nota de contenido con formato | Contiene: V. I.-- Estadística de los Presupuestos generales del Estado y de los resultados que ha ofrecido su liquidación. Años 1850 a 1890-91. [Por Angel González de la Peña]. V. II.-- Estadística de los Presupuestos generales del Estado... Años 1890-91 a 1907. [Por José María de Retes]. V. III.-- Estadísticas de las cuentas generales del Estado. Años 1908 a 1923/1924. [Dirigido por Augusto Gutiérrez Robles] |
| 700 1# - ENTRADA AGREGADA--NOMBRE PERSONAL | |
| Nombre de persona | González de la Peña, Angel. |
| 9 (RLIN) | 58551 |
| 700 1# - ENTRADA AGREGADA--NOMBRE PERSONAL | |
| Nombre de persona | Retes, José María de. |
| 9 (RLIN) | 96356 |
| 700 1# - ENTRADA AGREGADA--NOMBRE PERSONAL | |
| Nombre de persona | Gutiérrez Robles, Augusto. |
| 9 (RLIN) | 61216 |
| 710 2# - ENTRADA AGREGADA--NOMBRE DE ENTIDAD CORPORATIVA | |
| Nombre de entidad corporativa o nombre de jurisdicción como elemento de entrada | Instituto de Estudios Fiscales (España) |
| 9 (RLIN) | 169207 |
| 852 ## - LOCALIZACIÓN | |
| Ubicación | ES-MaACL |
| Número de control de estantería | L-858-60 |
| Sublocalización o colección | R.101834 |
| Estatus retirado | Estado de pérdida | Estado de daño | No para préstamo | Biblioteca de origen | Biblioteca actual | Ubicación en estantería | Fecha de adquisición | Fuente de adquisición | Total de préstamos | Signatura topográfica completa | Código de barras | Visto por última vez | Precio de reemplazo | Tipo de ítem Koha |
|---|---|---|---|---|---|---|---|---|---|---|---|---|---|---|
| Biblioteca del Ateneo de Madrid | Biblioteca del Ateneo de Madrid | Depósito 2 | 17/01/2008 | L-858-60 | 1109189 | 23/02/2023 | 23/02/2023 | Libro impreso |
